Statistics for My Nachos

Click here to take the quiz!

General Stats

  • This quiz has been taken 63 times
  • The average score is 4 of 7

Answer Stats

Ingredient% Correct
Cheese Sauce
95%
Tortilla Chips
75%
Tomato
61%
Beef
55%
Black Beans
54%
Avocado
41%
Red Onion
38%

Score Distribution

Percentile by Number Answered

Percent of People with Each Score

Your Score History

You have not taken this quiz